[Event "COL-ch"]
[Site "Palmira"]
[Date "2017.05.20"]
[Round "8"]
[White "Munoz, Juan David"]
[Black "Arango Arenas, Juan Camilo"]
[Result "1/2-1/2"]
[WhiteElo "2104"]
[BlackElo "2191"]
[PlyCount "69"]
[EventDate "2017.05.15"]
[EventType "swiss"]
[EventRounds "10"]
[EventCountry "COL"]
[SourceTitle "CBM 178 Extra"]
[Source "ChessBase"]
[SourceDate "2017.06.22"]
[SourceVersion "1"]
[SourceVersionDate "2017.06.22"]
[SourceQuality "1"]

1. d4 Nf6 2. Bg5 Ne4 3. Bh4 g5 4. f3 gxh4 5. fxe4 c5 6. e3 Bh6 7. Kf2 cxd4 8. exd4 Qb6 9. Nc3 Bg7 10. Nf3 Nc6 11. Nd5 Qa5 12. b4 Qd8 13. b5 e6 14. bxc6 exd5 15. exd5 dxc6 16. Qe1+ Kf8 17. Qb4+ Kg8 18. dxc6 bxc6 19. Rd1 Bg4 20. Be2 Qb6 21. a3 Bf8 22. Qc4 Be6 23. Qd3 c5 24. c3 cxd4 25. cxd4 Rd8 26. Rhe1 Qa5 27. Nxh4 Qxa3 28. Qe4 Bg7 29. Rd3 Qb4 30. Red1 Bd5 31. Qg4 Be6 32. Qg5 Rd5 33. Qg3 Qd6 34. Bf3 Qxg3+ 35. Kxg3 1/2-1/2

[Event "COL-ch"]
[Site "Palmira"]
[Date "2017.05.19"]
[Round "7"]
[White "Blandon, Luis Guillermo"]
[Black "Munoz, Juan David"]
[Result "1-0"]
[WhiteElo "2262"]
[BlackElo "2104"]
[PlyCount "63"]
[EventDate "2017.05.15"]
[EventType "swiss"]
[EventRounds "10"]
[EventCountry "COL"]
[SourceTitle "CBM 178 Extra"]
[Source "ChessBase"]
[SourceDate "2017.06.22"]
[SourceVersion "1"]
[SourceVersionDate "2017.06.22"]
[SourceQuality "1"]

1. e4 d6 2. d4 Nf6 3. Nc3 c6 4. f4 Qa5 5. e5 Ne4 6. Nf3 Bg4 7. Be2 Nd7 8. 0-0 Nxc3 9. bxc3 e6 10. Rb1 Bxf3 11. Rxf3 0-0-0 12. Bd2 dxe5 13. fxe5 f6 14. exf6 gxf6 15. c4 Qc7 16. c5 e5 17. c3 Nxc5 18. dxc5 Bxc5+ 19. Kh1 e4 20. Rf5 Be3 21. Bxe3 Rxd1+ 22. Rxd1 Rg8 23. Bxa7 Qg7 24. g3 Qh6 25. Bb6 Re8 26. Ra5 Kb8 27. Ra4 c5 28. Bxc5 Kc7 29. Bd6+ Kb6 30. Rb4+ Ka7 31. Rdb1 Qg7 32. Ra4# 1-0

[Event "Cali Region-ch"]
[Site "Cali"]
[Date "2017.04.28"]
[Round "1"]
[White "Lopera, Jeison Mauricio"]
[Black "Munoz, Juan David"]
[Result "0-1"]
[WhiteElo "1659"]
[BlackElo "2077"]
[PlyCount "33"]
[EventDate "2017.04.28"]
[EventType "swiss"]
[EventRounds "7"]
[EventCountry "COL"]
[SourceTitle "CBM 178 Extra"]
[Source "ChessBase"]
[SourceDate "2017.06.22"]
[SourceVersion "1"]
[SourceVersionDate "2017.06.22"]
[SourceQuality "1"]

1. d4 g6 2. e4 Bg7 3. Nf3 d6 4. Nc3 Nf6 5. g3 0-0 6. Bg2 Bg4 7. h3 Bxf3 8. Qxf3 Nbd7 9. Be3 a6 10. h4 h5 11. Bh3 b5 12. g4 c5 13. Ne2 Rc8 14. 0-0-0 cxd4 15. Bxd4 Nxg4 16. Bxg4 hxg4 17. Qxg4 0-1

[Event "COL-ch U18"]
[Site "Cali"]
[Date "2017.04.09"]
[Round "9"]
[White "Munoz, Juan David"]
[Black "Gallego, Julian Andres"]
[Result "1/2-1/2"]
[WhiteElo "2077"]
[BlackElo "1980"]
[PlyCount "33"]
[EventDate "2017.04.04"]
[EventType "tourn"]
[EventRounds "9"]
[EventCountry "COL"]
[SourceTitle "CBM 178 Extra"]
[Source "ChessBase"]
[SourceDate "2017.06.22"]
[SourceVersion "1"]
[SourceVersionDate "2017.06.22"]
[SourceQuality "1"]

1. d4 Nf6 2. Nf3 b6 3. Bf4 Bb7 4. e3 e6 5. Bd3 g6 6. 0-0 Bg7 7. Nbd2 0-0 8. h3 d6 9. a4 a5 10. Qe2 Nbd7 11. Bh2 Qe7 12. e4 e5 13. c3 Rfe8 14. Rfe1 Nh5 15. Rad1 Nf4 16. Qf1 Nxd3 17. Qxd3 1/2-1/2

[Event "COL-ch sf2 U18"]
[Site "Cartagena"]
[Date "2017.03.10"]
[Round "2.1"]
[White "Ruiz Jaraba, Gabriel"]
[Black "Munoz, Juan David"]
[Result "0-1"]
[WhiteElo "1683"]
[BlackElo "2066"]
[PlyCount "64"]
[EventDate "2017.03.09"]
[EventType "swiss"]
[EventRounds "5"]
[EventCountry "COL"]
[SourceTitle "EXT 2024"]
[Source "ChessBase"]
[SourceDate "2023.10.10"]
[SourceVersion "1"]
[SourceVersionDate "2023.10.10"]
[SourceQuality "1"]

1. e4 g6 2. d4 Bg7 3. Be3 c5 4. Nf3 cxd4 5. Bxd4 Bxd4 6. Qxd4 Nf6 7. e5 Nc6 8. Qa4 Nd5 9. Qe4 Nb6 10. Nc3 d5 11. exd6 Qxd6 12. Nb5 Qb8 13. Rd1 0-0 14. Nfd4 Nxd4 15. Qxd4 Bf5 16. c4 Rd8 17. Qxd8+ Qxd8 18. Rxd8+ Rxd8 19. c5 Na4 20. b4 a6 21. Na3 Nc3 22. f3 Rd1+ 23. Kf2 Rd2+ 24. Ke3 Rxa2 25. Nc4 Nd5+ 26. Kd4 Nxb4 27. Kc3 Nc6 28. Ne3 Ra5 29. Nxf5 Rxc5+ 30. Kb3 gxf5 31. Bd3 a5 32. Ka4 Rd5 0-1

[Event "Valle Region-ch U20"]
[Site "Cali"]
[Date "2017.02.18"]
[Round "5.1"]
[White "Munoz, Juan David"]
[Black "Avila Pavas, Santiago"]
[Result "1-0"]
[WhiteElo "2066"]
[BlackElo "2240"]
[PlyCount "87"]
[EventDate "2017.02.17"]
[EventType "swiss"]
[EventRounds "7"]
[EventCountry "COL"]
[SourceTitle "EXT 2024"]
[Source "ChessBase"]
[SourceDate "2023.10.10"]
[SourceVersion "1"]
[SourceVersionDate "2023.10.10"]
[SourceQuality "1"]

1. Nf3 g6 2. g3 Bg7 3. Bg2 Nf6 4. 0-0 0-0 5. d3 d6 6. c3 c6 7. Nbd2 Qc7 8. Re1 Nbd7 9. e4 e5 10. a4 Re8 11. Nc4 b6 12. Bg5 h6 13. Bxf6 Nxf6 14. Qc2 Nd7 15. Rad1 Ba6 16. Ne3 Nf6 17. c4 Rac8 18. Rc1 Qd7 19. Qb3 Qe6 20. Qa3 Bf8 21. b4 Bb7 22. Qb3 Rb8 23. h4 a5 24. b5 Nd7 25. Nd2 Nc5 26. Qc2 h5 27. Kh2 Bh6 28. Ndf1 Qf6 29. Rb1 Ne6 30. Kg1 Nd4 31. Qb2 cxb5 32. cxb5 Rbc8 33. Rec1 g5 34. hxg5 Bxg5 35. Bh3 Rxc1 36. Rxc1 Qf3 37. Re1 h4 38. Bg4 Qf6 39. Nf5 Bc8 40. Nxd4 Bxg4 41. Nc2 hxg3 42. fxg3 Bd2 43. Nxd2 Qf1+ 44. Kxf1 1-0

[Event "Valle Region-ch U20"]
[Site "Cali"]
[Date "2017.02.17"]
[Round "2.3"]
[White "Rodriguez Jimenez, Juan Jose"]
[Black "Munoz, Juan David"]
[Result "0-1"]
[WhiteElo "1653"]
[BlackElo "2066"]
[PlyCount "31"]
[EventDate "2017.02.17"]
[EventType "swiss"]
[EventRounds "7"]
[EventCountry "COL"]
[SourceTitle "EXT 2024"]
[Source "ChessBase"]
[SourceDate "2023.10.10"]
[SourceVersion "1"]
[SourceVersionDate "2023.10.10"]
[SourceQuality "1"]

1. d4 g6 2. c4 Bg7 3. Nc3 d6 4. e4 Nc6 5. d5 Nd4 6. Be3 c5 7. Nge2 Nxe2 8. Bxe2 Nf6 9. 0-0 0-0 10. Kh1 a6 11. a4 Nd7 12. f4 Qa5 13. Qd2 Qb4 14. Bd1 Qxc4 15. Be2 Qb4 16. Ra3 0-1

[Event "Valle Region-ch U18"]
[Site "Buitrago"]
[Date "2017.02.12"]
[Round "6.2"]
[White "Henao, Sebastian"]
[Black "Munoz, Juan David"]
[Result "0-1"]
[WhiteElo "1477"]
[BlackElo "2066"]
[PlyCount "70"]
[EventDate "2017.02.10"]
[EventType "swiss"]
[EventRounds "7"]
[EventCountry "COL"]
[SourceTitle "EXT 2024"]
[Source "ChessBase"]
[SourceDate "2023.10.10"]
[SourceVersion "1"]
[SourceVersionDate "2023.10.10"]
[SourceQuality "1"]

1. b3 Nf6 2. Bb2 g6 3. c4 Bg7 4. g3 0-0 5. Bg2 c6 6. Nf3 d6 7. d4 Qa5+ 8. Qd2 Qh5 9. Qg5 Qxg5 10. Nxg5 a5 11. Nc3 h6 12. Nf3 Na6 13. a3 Bf5 14. Nd2 e5 15. dxe5 dxe5 16. Na4 Nd7 17. 0-0 Rfd8 18. Ne4 Bxe4 19. Bxe4 Ndc5 20. Nxc5 Nxc5 21. Bc2 Rd2 22. Rac1 Nxb3 23. Bxb3 Rxb2 24. Rb1 Rxe2 25. Bd1 Ra2 26. Rxb7 Rxa3 27. Rb6 Ra1 28. Bb3 Ra3 29. c5 a4 30. Bc4 Rc3 31. Ba2 Rc2 32. Bb1 Rxc5 33. Be4 a3 34. Bxc6 Rxc6 35. Rxc6 e4 0-1

[Event "Valle Region-ch U18"]
[Site "Buitrago"]
[Date "2017.02.10"]
[Round "1.1"]
[White "Munoz, Juan David"]
[Black "Quintero Hurtado, Frank William"]
[Result "1-0"]
[WhiteElo "2066"]
[BlackElo "1504"]
[PlyCount "37"]
[EventDate "2017.02.10"]
[EventType "swiss"]
[EventRounds "7"]
[EventCountry "COL"]
[SourceTitle "EXT 2024"]
[Source "ChessBase"]
[SourceDate "2023.10.10"]
[SourceVersion "1"]
[SourceVersionDate "2023.10.10"]
[SourceQuality "1"]

1. d4 Nf6 2. Bf4 e6 3. e3 c5 4. c3 Nc6 5. Nf3 Qb6 6. Qb3 Qxb3 7. axb3 d5 8. Be2 cxd4 9. exd4 Be7 10. b4 Bd7 11. b5 Nd8 12. Nbd2 0-0 13. Ne5 b6 14. 0-0 Nb7 15. Nb3 Rfc8 16. Ra6 Bd6 17. Rfa1 Bb8 18. Nxd7 Bxf4 19. Nxb6 1-0

[Event "COL sub zt 2.3.4"]
[Site "La Dorada"]
[Date "2016.11.06"]
[Round "7"]
[White "Munoz, Juan David"]
[Black "Martinez, Jorge Alexander"]
[Result "1-0"]
[WhiteElo "1893"]
[BlackElo "2265"]
[PlyCount "125"]
[EventDate "2016.11.02"]
[EventType "swiss"]
[EventRounds "9"]
[EventCountry "COL"]
[SourceTitle "CBM 175 Extra"]
[Source "ChessBase"]
[SourceDate "2016.12.12"]
[SourceVersion "1"]
[SourceVersionDate "2016.12.12"]
[SourceQuality "1"]

1. d4 Nf6 2. Nf3 b6 3. Bf4 Bb7 4. e3 e6 5. Bd3 Be7 6. h3 0-0 7. 0-0 a6 8. Nbd2 c5 9. c3 d5 10. Ne5 h6 11. Rc1 Bd6 12. Qf3 Nc6 13. Rfe1 Qb8 14. Nxc6 Bxc6 15. Bxh6 Ra7 16. Bg5 Nh7 17. Bf4 c4 18. Bxc4 Bxf4 19. exf4 dxc4 20. Qxc6 b5 21. Qf3 g6 22. Ne4 Rd8 23. g4 Rd5 24. Kg2 a5 25. h4 b4 26. h5 gxh5 27. f5 exf5 28. gxf5 bxc3 29. bxc3 Rb7 30. Rh1 f6 31. Ng3 Qd8 32. Rce1 Rg7 33. Qxh5 Kf8 34. Re3 Qa8 35. f3 Qb8 36. f4 Rd8 37. Rhe1 Rf7 38. Qe2 Kg8 39. Qxc4 Rc8 40. Qe6 Nf8 41. Qe4 Qb2+ 42. R1e2 Qa3 43. c4 Qb4 44. c5 Rd8 45. Rd3 Qc4 46. Red2 Rg7 47. Qf3 Re8 48. Rc3 Qb4 49. c6 Qb1 50. Re3 Qc1 51. Rxe8 Qxd2+ 52. Qf2 Qd3 53. Re2 Qxf5 54. Qe3 Qb5 55. Qb3+ Qxb3 56. axb3 Ng6 57. Kf3 Nh4+ 58. Kf2 Rc7 59. d5 Ng6 60. Kf3 Kf8 61. Nf5 Rc8 62. Re3 Nh8 63. d6 1-0

[Event "COL sub zt 2.3.4"]
[Site "La Dorada"]
[Date "2016.11.05"]
[Round "6"]
[White "Valle, Efrain"]
[Black "Munoz, Juan David"]
[Result "0-1"]
[WhiteElo "2121"]
[BlackElo "1893"]
[PlyCount "114"]
[EventDate "2016.11.02"]
[EventType "swiss"]
[EventRounds "9"]
[EventCountry "COL"]
[SourceTitle "CBM 175 Extra"]
[Source "ChessBase"]
[SourceDate "2016.12.12"]
[SourceVersion "1"]
[SourceVersionDate "2016.12.12"]
[SourceQuality "1"]

1. Nf3 g6 2. e4 Bg7 3. d4 d6 4. Bc4 a6 5. Qe2 b5 6. Bd5 c6 7. Bb3 Nf6 8. e5 Nd5 9. Nc3 dxe5 10. Nxd5 cxd5 11. Nxe5 0-0 12. 0-0 Be6 13. a4 b4 14. h4 Qb6 15. Be3 Nc6 16. Nxc6 Qxc6 17. h5 Rab8 18. h6 Bf6 19. Bf4 Rb7 20. Be5 Bxe5 21. Qxe5 f6 22. Qe3 a5 23. Qf3 Bf7 24. Rfe1 Rd8 25. Re3 Qd6 26. Rae1 Kf8 27. Bc4 Qb6 28. Bd3 Qxd4 29. c3 bxc3 30. bxc3 Qxa4 31. c4 Qd7 32. c5 Rc7 33. Rxe7 Qxe7 34. Rxe7 Kxe7 35. Qe3+ Be6 36. f4 d4 37. Qe1 Rxc5 38. f5 Re5 39. Qc1 Bxf5 40. Qa3+ Rd6 41. Bxf5 Rxf5 42. Qd3 Re5 43. Kf2 a4 44. g4 a3 45. Qxa3 d3 46. Qa7+ Rd7 47. Qa3+ Kf7 48. Qb3+ Re6 49. Qb4 Red6 50. Qc4+ Rd5 51. Ke1 d2+ 52. Kd1 Ke7 53. Qb4+ Ke8 54. Qb8+ Kf7 55. Qb3 Ke7 56. Qb4+ Ke8 57. Qb8+ Rd8 0-1

[Event "COL sub zt 2.3.4"]
[Site "La Dorada"]
[Date "2016.11.04"]
[Round "5"]
[White "Munoz, Juan David"]
[Black "Aponte Castillo, Jose Ernesto"]
[Result "1-0"]
[WhiteElo "1893"]
[BlackElo "2057"]
[PlyCount "119"]
[EventDate "2016.11.02"]
[EventType "swiss"]
[EventRounds "9"]
[EventCountry "COL"]
[SourceTitle "CBM 175 Extra"]
[Source "ChessBase"]
[SourceDate "2016.12.12"]
[SourceVersion "1"]
[SourceVersionDate "2016.12.12"]
[SourceQuality "1"]

1. d4 Nf6 2. Bf4 g6 3. e3 Bg7 4. Nf3 0-0 5. Be2 c5 6. c3 b6 7. 0-0 Bb7 8. a4 d6 9. h3 Nbd7 10. Qb3 a6 11. Rd1 Qc7 12. d5 Ra7 13. c4 Rb8 14. Nc3 Ne8 15. Rd2 Qd8 16. Re1 Bc8 17. e4 Nc7 18. Bf1 f6 19. Bg3 Nf8 20. Nh4 Bd7 21. f4 b5 22. e5 bxc4 23. Qd1 f5 24. Bxc4 Rb4 25. b3 Rab7 26. Nf3 h6 27. Na2 R4b6 28. Bh4 Be8 29. exd6 Rxd6 30. Bxe7 Qd7 31. Rde2 Bf7 32. Bxd6 Qxd6 33. Ne5 Be8 34. Qd3 Kh7 35. Nc3 Rb8 36. Qf3 Bf6 37. Rd2 Rb6 38. Nb1 Kg7 39. Bf1 Rb8 40. Nc4 Qd7 41. Ne5 Qd6 42. Na3 Qb6 43. Nac4 Qxb3 44. Qxb3 Rxb3 45. d6 Nce6 46. Rb2 Bxa4 47. Rxb3 Bxb3 48. d7 Nxf4 49. Nb6 N4e6 50. Bxa6 Bd8 51. Nbc4 Kf6 52. Bc8 Bc7 53. Re3 Nd4 54. Nd6 Bb6 55. Ne8+ Kg5 56. Kh2 f4 57. Rxb3 Nxb3 58. d8Q+ Bxd8 59. Nf3+ Kh5 60. Ng7# 1-0

[Event "COL-ch U16"]
[Site "Medellin"]
[Date "2016.04.15"]
[Round "7"]
[White "Corredor Castellanos, Camilo"]
[Black "Munoz, Juan David"]
[Result "1/2-1/2"]
[WhiteElo "2133"]
[BlackElo "2077"]
[PlyCount "63"]
[EventDate "2016.04.11"]
[EventType "tourn"]
[EventRounds "9"]
[EventCountry "COL"]
[SourceTitle "EXT 2018"]
[Source "ChessBase"]
[SourceDate "2017.10.13"]
[SourceVersion "1"]
[SourceVersionDate "2017.10.13"]
[SourceQuality "1"]

1. c4 g6 2. g3 Bg7 3. Nc3 d6 4. Bg2 Nf6 5. e3 0-0 6. Nge2 c6 7. b3 Bf5 8. d3 Qc8 9. Bb2 a5 10. Qd2 Bh3 11. 0-0 Bxg2 12. Kxg2 Nbd7 13. Rac1 Nc5 14. d4 Nce4 15. Nxe4 Nxe4 16. Qc2 Nf6 17. Rfd1 Qc7 18. Nc3 Rfc8 19. Qe2 Rab8 20. h3 Qd7 21. e4 b5 22. c5 d5 23. e5 Ne8 24. Rf1 a4 25. b4 Nc7 26. a3 f6 27. f4 Rf8 28. Rce1 fxe5 29. fxe5 Rxf1 30. Rxf1 Rf8 31. Rxf8+ Bxf8 32. Bc1 1/2-1/2

[Event "COL-ch U16"]
[Site "Medellin"]
[Date "2016.04.12"]
[Round "2"]
[White "Munoz, Juan David"]
[Black "Cardoso Cardoso, Jose Gabriel"]
[Result "1/2-1/2"]
[WhiteElo "2077"]
[BlackElo "2100"]
[PlyCount "61"]
[EventDate "2016.04.11"]
[EventType "tourn"]
[EventRounds "9"]
[EventCountry "COL"]
[SourceTitle "EXT 2018"]
[Source "ChessBase"]
[SourceDate "2017.10.13"]
[SourceVersion "1"]
[SourceVersionDate "2017.10.13"]
[SourceQuality "1"]

1. d4 Nf6 2. Bg5 e6 3. e4 c5 4. Nc3 cxd4 5. Qxd4 Nc6 6. Qd2 Bb4 7. Bxf6 Qxf6 8. Nge2 0-0 9. f4 d5 10. e5 Qe7 11. a3 Ba5 12. b4 Bb6 13. g3 Rd8 14. Na4 Bc7 15. Bg2 b6 16. 0-0 Ba6 17. Rfd1 Rac8 18. Nb2 Bb8 19. Rac1 Bb7 20. Qe3 b5 21. c3 a6 22. Nd4 Ba7 23. Kh1 Rc7 24. Nxc6 Bxe3 25. Nxe7+ Rxe7 26. Rc2 Rc8 27. Rd3 Bb6 28. Rcd2 Rec7 29. Nd1 Kf8 30. h3 Ke7 31. Kh2 1/2-1/2

[Event "COL-ch U16"]
[Site "Medellin"]
[Date "2016.04.11"]
[Round "1"]
[White "Cuevas Sanchez, Bramdon Daniel"]
[Black "Munoz, Juan David"]
[Result "0-1"]
[WhiteElo "1736"]
[BlackElo "2077"]
[PlyCount "68"]
[EventDate "2016.04.11"]
[EventType "tourn"]
[EventRounds "9"]
[EventCountry "COL"]
[SourceTitle "EXT 2018"]
[Source "ChessBase"]
[SourceDate "2017.10.13"]
[SourceVersion "1"]
[SourceVersionDate "2017.10.13"]
[SourceQuality "1"]

1. e4 c5 2. Nf3 d6 3. d4 cxd4 4. Nxd4 Nf6 5. Nc3 Nc6 6. f3 e5 7. Nb3 Be6 8. Be3 Be7 9. Qd2 0-0 10. 0-0-0 a5 11. Kb1 a4 12. Nc1 a3 13. b3 Nb4 14. Nd3 d5 15. Nxe5 dxe4 16. Nxe4 Qc7 17. Bd4 Rfd8 18. Bc4 Nxe4 19. fxe4 Rxd4 20. Qxd4 Bf6 21. Qd6 Qxd6 22. Rxd6 Bxe5 23. Rb6 Bxc4 24. Rxb4 Be6 25. Rd1 g6 26. Rb5 Bc3 27. Rxb7 Ra5 28. Rd3 Bb2 29. Rb4 Rh5 30. h3 Rg5 31. g4 h5 32. Rg3 Kg7 33. Ra4 hxg4 34. hxg4 Bxg4 0-1

[Event "Pan American-ch U14"]
[Site "Cali"]
[Date "2015.06.30"]
[Round "4"]
[White "Munoz, Juan David"]
[Black "Ribero, Guillermo Andres"]
[Result "1/2-1/2"]
[WhiteElo "1981"]
[BlackElo "1819"]
[PlyCount "66"]
[EventDate "2015.06.28"]
[EventType "swiss"]
[EventRounds "9"]
[EventCountry "COL"]
[SourceTitle "EXT 2016"]
[Source "ChessBase"]
[SourceDate "2015.10.08"]
[SourceVersion "1"]
[SourceVersionDate "2015.10.08"]
[SourceQuality "1"]

1. e4 e5 2. Nf3 Nc6 3. d4 exd4 4. Nxd4 Bb4+ 5. Nc3 Bxc3+ 6. bxc3 Qe7 7. Bd3 d6 8. Nxc6 bxc6 9. 0-0 Nf6 10. Bg5 Qe5 11. Qd2 h6 12. Bf4 Qe7 13. Rfe1 Be6 14. Rab1 Nd7 15. e5 d5 16. Qe3 g5 17. Bg3 Rg8 18. Ba6 Qc5 19. Bb7 Qxe3 20. fxe3 Rb8 21. Bxc6 Ke7 22. Red1 Rxb1 23. Rxb1 Rb8 24. Rb3 Rb6 25. Rxb6 axb6 26. Kf2 Nb8 27. Bb5 c6 28. Be2 Nd7 29. Ke1 Nc5 30. Kd1 Ne4 31. Be1 c5 32. Bd3 c4 33. Bxe4 dxe4 1/2-1/2

[Event "COL-ch U14"]
[Site "Bogota"]
[Date "2014.06.01"]
[Round "5"]
[White "Gomez Perez, Jaidor S"]
[Black "Munoz, Juan David"]
[Result "0-1"]
[WhiteElo "1755"]
[BlackElo "1853"]
[PlyCount "88"]
[EventDate "2014.05.29"]
[EventType "swiss"]
[EventRounds "7"]
[EventCountry "COL"]
[SourceTitle "CBM 160 Extra"]
[Source "ChessBase"]
[SourceDate "2014.07.01"]
[SourceVersion "1"]
[SourceVersionDate "2014.07.01"]
[SourceQuality "1"]

1. e4 c5 2. Nf3 Nc6 3. d4 cxd4 4. Nxd4 Nf6 5. Nc3 d6 6. Bc4 Bd7 7. 0-0 g6 8. h3 Bg7 9. Be3 Rc8 10. Bb3 0-0 11. Kh1 Na5 12. f3 a6 13. Qd2 Nc4 14. Bxc4 Rxc4 15. Nce2 d5 16. e5 Ne8 17. b3 Rc8 18. Bh6 Qc7 19. Bxg7 Nxg7 20. f4 Qc5 21. Rac1 Bf5 22. Nxf5 Nxf5 23. c3 f6 24. g4 Ng7 25. exf6 Rxf6 26. Qd4 Ne6 27. Qxc5 Nxc5 28. c4 Rd8 29. cxd5 Rxd5 30. Rcd1 Nd3 31. Kg2 Nxf4+ 32. Nxf4 Rxd1 33. Rxd1 Rxf4 34. Rd7 e5 35. Rxb7 e4 36. Re7 g5 37. Re5 h6 38. Kg3 Kf7 39. Rc5 Ke6 40. Rc2 Ke5 41. Re2 Kd4 42. b4 Kd3 43. Rg2 e3 44. a3 e2 0-1

[Event "COL-ch U14"]
[Site "Bogota"]
[Date "2014.05.29"]
[Round "1"]
[White "Munoz, Juan David"]
[Black "Calderon Zuta, Nicolas"]
[Result "1-0"]
[WhiteElo "1853"]
[BlackElo "1631"]
[PlyCount "99"]
[EventDate "2014.05.29"]
[EventType "swiss"]
[EventRounds "7"]
[EventCountry "COL"]
[SourceTitle "CBM 160 Extra"]
[Source "ChessBase"]
[SourceDate "2014.07.01"]
[SourceVersion "1"]
[SourceVersionDate "2014.07.01"]
[SourceQuality "1"]

1. e4 e5 2. Nf3 Nc6 3. Bb5 a6 4. Ba4 Nf6 5. d3 Bc5 6. c3 b5 7. Bc2 Bb6 8. 0-0 h6 9. a4 Bb7 10. Nbd2 0-0 11. h3 d6 12. Re1 Re8 13. Nf1 Qd7 14. Be3 Bxe3 15. Nxe3 d5 16. Qe2 d4 17. Nf5 Kh7 18. Qd2 Rad8 19. g4 Ng8 20. Kh2 g6 21. Ng3 Qe6 22. g5 h5 23. Nh4 Nge7 24. f4 exf4 25. Qxf4 Bc8 26. Qf1 Ne5 27. axb5 axb5 28. Ra3 c5 29. cxd4 Rxd4 30. Ne2 Rb4 31. Nf4 Qd6 32. Ra2 Be6 33. b3 Rd4 34. Nf3 Nxf3+ 35. Qxf3 Nc6 36. Qg3 Nb4 37. e5 Qd7 38. Rb2 Nxc2 39. Rxc2 Bxb3 40. Rxc5 Be6 41. Rec1 Re7 42. Qe3 Rb4 43. R1c2 Rb3 44. Qf3 Bf5 45. Nd5 Rxd3 46. Qxd3 Bxd3 47. Nf6+ Kg7 48. Nxd7 Bxc2 49. Nf6 Bd3 50. Rc8 1-0

[Event "Valle Region-ch U14"]
[Site "Cali"]
[Date "2014.05.??"]
[Round "4.1"]
[White "Munoz, Juan David"]
[Black "Martinez, Cristian Camilo"]
[Result "1-0"]
[WhiteElo "1853"]
[BlackElo "1699"]
[PlyCount "31"]
[EventDate "2014.05.16"]
[EventType "tourn"]
[EventRounds "5"]
[EventCountry "COL"]
[SourceTitle "EXT 2024"]
[Source "ChessBase"]
[SourceDate "2023.10.10"]
[SourceVersion "1"]
[SourceVersionDate "2023.10.10"]
[SourceQuality "1"]

1. e4 e5 2. Nf3 Nc6 3. d4 exd4 4. Nxd4 Nf6 5. Nc3 Bb4 6. Nxc6 bxc6 7. Bd3 d6 8. 0-0 h6 9. h3 0-0 10. f4 Re8 11. Qf3 Bb7 12. Bd2 c5 13. Rae1 c4 14. Bxc4 Bxc3 15. Bxc3 Bxe4 16. Bxf6 1-0

[Event "Bogota IRT Categoria A U14"]
[Site "Bogota"]
[Date "2013.10.29"]
[Round "5.2"]
[White "Munoz, Juan David"]
[Black "Marcial Torres, Jesus"]
[Result "1-0"]
[WhiteElo "1856"]
[BlackElo "1856"]
[PlyCount "123"]
[EventDate "2013.10.27"]
[EventType "swiss"]
[EventRounds "5"]
[EventCountry "COL"]
[SourceTitle "EXT 2024"]
[Source "ChessBase"]
[SourceDate "2023.10.10"]
[SourceVersion "1"]
[SourceVersionDate "2023.10.10"]
[SourceQuality "1"]

1. e4 e6 2. d4 d5 3. Nd2 c5 4. c3 Nc6 5. Ne2 cxd4 6. cxd4 Bb4 7. e5 Nge7 8. a3 Ba5 9. b4 Bb6 10. Nb3 Nf5 11. Bb2 Qh4 12. Qd3 0-0 13. g3 Qe4 14. Qxe4 dxe4 15. Bh3 Nce7 16. Bxf5 Nxf5 17. g4 Nh4 18. Ng3 Bd7 19. Nc5 Bc6 20. 0-0-0 e3 21. Rhf1 Bb5 22. fxe3 Bxf1 23. Rxf1 Bxc5 24. bxc5 Ng2 25. Kd2 b6 26. c6 Rac8 27. Rc1 Rc7 28. Ne4 f6 29. exf6 gxf6 30. Nd6 a6 31. a4 f5 32. gxf5 exf5 33. d5 f4 34. exf4 Rxf4 35. Be5 Rf2+ 36. Kd3 Rf3+ 37. Kd4 Nh4 38. Rg1+ Kf8 39. Rg5 Ra3 40. Rg7 Nf3+ 41. Ke4 Nd2+ 42. Kf5 Rxg7 43. Bxg7+ Kxg7 44. c7 Rc3 45. c8Q Rxc8 46. Nxc8 Kf7 47. Nxb6 Ke7 48. h4 Nf3 49. h5 Kd6 50. Kf4 Ne5 51. Ke4 Ng4 52. Kd4 Nf6 53. Nc4+ Kd7 54. Ne5+ Kd6 55. Nf7+ Ke7 56. Ng5 h6 57. Ne4 Nxh5 58. d6+ Kd7 59. Kc5 a5 60. Kb5 Ng7 61. Kxa5 Nf5 62. Kb6 1-0

[Event "COL-ch U12"]
[Site "Florencia"]
[Date "2013.06.03"]
[Round "7"]
[White "Munoz, Juan David"]
[Black "Corredor Castellanos, Camilo"]
[Result "0-1"]
[WhiteElo "1868"]
[BlackElo "1843"]
[PlyCount "50"]
[EventDate "2013.05.31"]
[EventType "swiss"]
[EventRounds "7"]
[EventCountry "COL"]
[SourceTitle "CBM 154 Extra"]
[Source "ChessBase"]
[SourceDate "2013.06.25"]
[SourceVersion "2"]
[SourceVersionDate "2013.06.25"]
[SourceQuality "1"]

1. e4 e5 2. Nf3 Nc6 3. Bb5 a6 4. Ba4 Nf6 5. 0-0 Be7 6. Re1 b5 7. Bb3 d6 8. c3 0-0 9. h3 Nb8 10. d4 Nbd7 11. Nbd2 Bb7 12. Bc2 Re8 13. Nf1 Bf8 14. Ng3 g6 15. a4 c6 16. Bg5 Bg7 17. a5 h6 18. Bc1 Rc8 19. Ra2 c5 20. d5 c4 21. Be3 Nc5 22. Bxc5 Rxc5 23. Nf1 Rc8 24. Bb1 Nd7 25. N3d2 Rf8 0-1

[Event "COL-ch U12"]
[Site "Florencia"]
[Date "2013.06.01"]
[Round "4"]
[White "Munoz, Juan David"]
[Black "Alvarez Angel, Nelson Eduardo"]
[Result "1-0"]
[WhiteElo "1868"]
[BlackElo "1492"]
[PlyCount "84"]
[EventDate "2013.05.31"]
[EventType "swiss"]
[EventRounds "7"]
[EventCountry "COL"]
[SourceTitle "CBM 154 Extra"]
[Source "ChessBase"]
[SourceDate "2013.06.25"]
[SourceVersion "2"]
[SourceVersionDate "2013.06.25"]
[SourceQuality "1"]

1. e4 e5 2. Nf3 Nc6 3. Bb5 Bc5 4. 0-0 d6 5. c3 Nf6 6. d4 Nxe4 7. dxc5 Nxc5 8. Be3 Ne4 9. Re1 Nf6 10. h3 0-0 11. Nbd2 Bd7 12. Bg5 Qe7 13. Ne4 Kh8 14. Nh2 Rg8 15. Qf3 a6 16. Bf1 h6 17. Nxf6 Rgd8 18. h4 e4 19. Nxe4 Ne5 20. Bxe7 Nxf3+ 21. Nxf3 Re8 22. Bxd6 Bc6 23. Bxc7 Bxe4 24. Re3 Rac8 25. Rae1 Rxc7 26. Rxe4 Rd8 27. Re8+ Rxe8 28. Rxe8+ Kh7 29. Bd3+ g6 30. h5 Kg7 31. hxg6 fxg6 32. Nd4 Rd7 33. Re6 Kf7 34. Bxg6+ Kg7 35. Be4 Kf7 36. Rxh6 Kg8 37. Rb6 Re7 38. f3 Kf8 39. Rxb7 Re5 40. b4 a5 41. Nc6 Re6 42. Nxa5 Ra6 1-0